000 00917cam a22002054a 4500
005 20250605163925.0
008 250528s ||||||||||||||||||||||||d
035 _a14512
020 _a123195802
040 _aGR-AtMCL
_bgre
_dGR-AtMCL
_eAACR2
245 1 _aBehavior / An Introduction to Psychology as a Biological Science
250 _a2nd
260 _bAllyn And Bacon,
_c1993
300 _a320
520 _aThe book aims to provide clearly formulated explanations of behavior which can be tested by experiment and observation. Preface, Psychology as a Biological Science, Evolution and Psychology, Genetics and Psychology, Development and the Effects of Early Experience, Structure and Function, Stimuli and Responses, Learning, Animal Behavior and Human Psychology, Glossary, References, Author and Subject Index.
700 1 _aHall Geoffrey
_9213
942 _cBK
999 _c141
_d141